书目信息 |
| 题名: |
英汉人物、地名、事件词典
|
|
| 作者: | 勒平妥 主编 | |
| 分册: | ||
| 出版信息: | 北京 外育教学与研究出版社 1991 |
|
| 页数: | 953页 | |
| 开本: | 20cm | |
| 丛书名: | ||
| 单 册: | ||
| 中图分类: | K-61 | |
| 科图分类: | ||
| 主题词: | 历史 , 地理 | |
| 电子资源: | ||
| ISBN: | 7-5600-0614-0 | |
| 000 | 00552nam0 2200193 45 | |
| 001 | 0312221749 | |
| 005 | 20060314083241.32 | |
| 010 | @a7-5600-0614-0@dCNY35.80 | |
| 100 | @a20031222d1991 km y0chiy0120 ea | |
| 101 | @achi | |
| 200 | 1 | @a英汉人物、地名、事件词典@Aying han ren wu、di ming、shi jian ci dian@f勒平妥主编@FLe Ping Tuo Zhu Bian |
| 210 | @a北京@c外育教学与研究出版社@d1991 | |
| 215 | @a953页@d20cm | |
| 606 | 0 | @a历史 |
| 606 | 0 | @a地理 |
| 690 | @aK-61@v4 | |
| 701 | 0 | @a勒平妥@4主编 |
| 801 | @aCN@bTSTCL@c20060314 | |
| 905 | @a213230@dK-61@e28 | |
| 英汉人物、地名、事件词典/勒平妥主编.-北京:外育教学与研究出版社,1991 |
| 953页;20cm |
| ISBN 7-5600-0614-0:CNY35.80 |
| ● |
| 相关链接 |
|
|
|
|
正题名:英汉人物、地名、事件词典
索取号:K-61/28
 
预约/预借
| 序号 | 登录号 | 条形码 | 馆藏地/架位号 | 状态 | 备注 |
| 1 | 0339524 | 203395245 | 密集书库/ [索取号:K-61/28] | 在馆 |